Statistiques concernant Meilleures références d'internet #2

Cliquez ici pour prendre le quiz!

Statistiques générales

  • Ce quiz a été pris 242 fois
  • Le résultat moyen est 11 sur 15

Statistiques - réponses

RefRéponse% Correct
Encore, ca fait ___ la non ?beaucoup
96%
Est ce que c'est __ pour vous ?bon
95%
Mais t'es pas _ Baptistenet
94%
J'ai des connaissances en chimie que t'a pas,
frappe moi je t'_____
empoisonne
89%
Ca y est, nous y __est
78%
Une ____ vreuuummentrobe
78%
Tu es __ Mélissendregrosse
76%
- Vous aussi vous attendez l'ouverture de fitness park ?
- Non moi je suis ___
coach
67%
Aïe ! Coup dur pour ___Guillaume
67%
___ moi ? On me l'avait pas sorti depuis looonngtempspuceau
67%
Ah bah c est bien Nils ___ pour l'appareil photosuper
66%
N'ayez pas peur, peur ! Vous n'irez pas à l'___hôpital
61%
Qu'ils se mettent sur le ___ les fashionstrottoir
61%
Mais non, mais ___ de dinguehasard
50%
Poséeee au parc du ____Luxembourg
34%

Distribution des résultats

Percentile par nombre de réponses

% des personnes avec chaque résultat

Votre développement - résultats

Vous n’avez pas pris ce quiz